Candidats à l'élection américaine (depuis 1960) - Statistiques

Statistiques générales
  • Ce quiz a été pris 100 fois
  • Le résultat moyen est 23 sur 30
Statistiques - réponses
Année Score (+ grands électeurs) Candidat % Correct
2008 52,9% (365) Barack Obama
99%
2012 51,1% (332) Barack Obama
99%
1992 43,0% (370) Bill Clinton
98%
1996 49,2% (379) Bill Clinton
98%
1988 53,5% (426) George H. W. Bush
98%
1992 37,5% (168) George H. W. Bush
98%
2000 47,9% (271) George W. Bush
98%
2004 50,7% (286) George W. Bush
98%
2016 48,0% (227) Hillary Clinton
98%
2016 45,9% (304) Donald Trump
96%
1960 49,6% (219) Richard Nixon
93%
1968 43,4% (301) Richard Nixon
93%
1972 60,1% (520) Richard Nixon
93%
1960 49,7% (303) John Fitzgerald Kennedy
92%
1980 50,8% (489) Ronald Reagan
91%
1984 59,0% (525) Ronald Reagan
91%
1976 50,1% (297) Jimmy Carter
84%
1980 41,0% (49) Jimmy Carter
84%
2000 48,4% (266) Al Gore
81%
1964 61,1% (486) Lyndon Johnson
81%
1976 48,0% (240) Gerald Ford
79%
2008 45,7% (173) John McCain
69%
2004 48,3% (251) John Kerry
58%
2012 47,2% (206) Mitt Romney
53%
1988 45,8% (111) Michael Dukakis
39%
1996 40,7% (169) Bob Dole
33%
1984 40,7% (13) Walter Mondale
32%
1964 38,5% (52) Barry Goldwater
24%
1972 37,7% (17) George McGovern
24%
1968 42,7% (192) Hubert Humphrey
24%
Aucun quiz correspondant
Distribution des résultats
% des personnes avec chaque résultat
Percentile par nombre de réponses
Votre historique - résultats
Vous n’avez pas pris ce quiz